Washington D.C. True or False? - Statistics

General Stats
  • This quiz has been taken 295 times
  • The average score is 10 of 15
Answer Stats
Question Answer % Correct
D.C. stands for District of Columbia. True
97%
The city's famous cherry trees were gifts from Japan. True
87%
Martin Luther King Jr. gave his famous "I Have a Dream" speech in front of the Lincoln Memorial. True
87%
Over 40% of the population is African-American. True
84%
Every President has lived in the White House at one point. False
81%
Muriel Bowser is the mayor of D.C. True
81%
D.C. borders Maryland, Virginia, and West Virginia. False
74%
The NFL Washington Football Team has always been based in D.C. False
71%
D.C. citizens pay no federal or state taxes. False
71%
Washington D.C. gets more average annual rainfall than Washington State. True
61%
D.C. borders more than one river. True
61%
There's a crypt under the Capitol Building that was made for George Washington. True
58%
The city of D.C. was burned in the Civil War. False
48%
The National Cathedral has a Darth Vader head as a gargoyle. True
48%
Marvin Gaye, Dave Grohl, and Samuel L. Jackson were all born in D.C. False
32%
No matching quizzes found
Score Distribution
Percent of People with Each Score
Percentile by Number Answered
Your Score History
You have not taken this quiz